The English philosophers from Bacon to Mill /

Bibliographic Details
Main Author: Burtt, Edwin A. (Edwin Arthur), 1892-1989
Format: Book
Language:English
Published: New York : The Modern library, [1939]
Series:The Modern library of the world's best books
Subjects:

MARC

Tag First Indicator Second Indicator Subfields
LEADER 00000cam a22000001 4500
001 in00000039556
005 20151007081821.0
008 730522s1939 nyu 00010 engm
010 |a  39027818  
035 |a (OCoLC)00649526 
035 |9 AAF6954AM 
040 |a DLC  |c DLC  |d m.c.  |d TXA  |d UtOrBLW 
049 |a TXAM  |c 1 [367259], 2 [419265] 
050 0 0 |a B1111  |b .B8 
092 |a 192  |b B973e 
100 1 |a Burtt, Edwin A.  |q (Edwin Arthur),  |d 1892-1989. 
245 1 4 |a The English philosophers from Bacon to Mill /  |c edited, with an introduction, by Edwin A. Burtt. 
264 1 |a New York :  |b The Modern library,  |c [1939] 
300 |a xxiv, 1041 pages ;  |c 21 cm. 
336 |a text  |b txt  |2 rdacontent 
337 |a unmediated  |b n  |2 rdamedia 
338 |a volume  |b nc  |2 rdacarrier 
490 0 |a The Modern library of the world's best books 
500 |a "First Modern library giant edition." 
500 |a Includes biographical sketches. 
505 0 |a Introduction by E. A. Burtt.--Bibliography (p. xxiii-xxiv)--Bacon, Francis. The great instauration. Novum organum.--Hobbes, Thomas. Leviathan.--Locke, John. An essay concerning human understanding. An essay concerning the true original, extent, and end of civil government.--Berkeley, George. A treatise concerning the principles of human knowledge.--Hume, David. An enquiry concerning human understanding. Dialogues concerning natural religion.--Gay, John. Concerning the fundamental principle of virtue or morality.--Bentham, Jeremy. An introduction to the principles of morals and legislation.--Mill, James. Government.--Mill, J. S. Utilitarianism. On liberty. 
650 0 |a Philosophy, English. 
999 |a MARS 
999 f f |s 9b9b2812-a59d-3a3e-8cc9-f1b06ddc214a  |i 4fad7267-0124-3cc9-8905-818b0700359c  |t 0 
952 f f |p normal  |a Texas A&M University  |b College Station  |c Sterling C. Evans Library  |s Evans stk  |d Evans: Library Stacks  |t 0  |e B1111 .B8  |h Library of Congress classification  |i unmediated -- volume  |m A14809491459 
998 f f |a B1111 .B8  |t 0  |l Evans: Library Stacks